New & improved : (Record no. 1232)

MARC details
000 -LEADER
fixed length control field 00832nam a22002777a 4500
005 - DATE AND TIME OF LATEST TRANSACTION
control field 20260322212052.0
008 - FIXED-LENGTH DATA ELEMENTS--GENERAL INFORMATION
fixed length control field data
010 ## - LIBRARY OF CONGRESS CONTROL NUMBER
LC control number 95068999
020 ## - INTERNATIONAL STANDARD BOOK NUMBER
International Standard Book Number 1878542788
020 ## - INTERNATIONAL STANDARD BOOK NUMBER
International Standard Book Number 9781878542786
040 ## - CATALOGING SOURCE
Original cataloging agency DLC
Transcribing agency DLC
050 00 - LIBRARY OF CONGRESS CALL NUMBER
Classification number MLCS 96/10450 (B)
092 ## - LOCALLY ASSIGNED DEWEY CALL NUMBER (OCLC)
Classification number 153.35 G76 1995
001 - CONTROL NUMBER
control field data
100 1# - MAIN ENTRY--PERSONAL NAME
Personal name Grout, Pam.
245 10 - TITLE STATEMENT
Title New & improved :
Remainder of title 25 ways to be more creative and more effective /
Statement of responsibility, etc. Pam Grout.
246 3# - VARYING FORM OF TITLE
Title proper/short title New and improved
260 ## - PUBLICATION, DISTRIBUTION, ETC.
Place of publication, distribution, etc. Mission, Kan. :
Name of publisher, distributor, etc. SkillPath Publications,
Date of publication, distribution, etc. c1995.
300 ## - PHYSICAL DESCRIPTION
Extent 91 p. :
Other physical details ill.
Dimensions 22 cm.
504 ## - BIBLIOGRAPHY, ETC. NOTE
Bibliography, etc. note Includes bibliographical references (p. 89-91).
650 #0 - SUBJECT ADDED ENTRY--TOPICAL TERM
Topical term or geographic name entry element Creative ability.
906 ## - LOCAL DATA ELEMENT F, LDF (RLIN)
a 7
b cbc
c orignew
d 4
e opcn
f 19
g y-gencatlg
922 ## -
-- ad
991 ## -
-- c-GenColl
-- MLCS 96/10450 (B)
-- Copy 1
-- BOOKS
Holdings
Withdrawn status Lost status Damaged status Not for loan Home library Current library Shelving location Date acquired Total checkouts Full call number Barcode Date last seen Price effective from Koha item type
        Franklin Franklin General stacks 22/03/2026   MLCS 96/10450 (B) BC0011272 22/03/2026 22/03/2026 Books